Takhliq -e-Kainat / (Record no. 525434)

000 -LEADER
fixed length control field 00521nam a22001937a 4500
003 - CONTROL NUMBER IDENTIFIER
control field NUST
005 - DATE AND TIME OF LATEST TRANSACTION
control field 20190702062042.0
008 - FIXED-LENGTH DATA ELEMENTS--GENERAL INFORMATION
fixed length control field 190702b ||||| |||| 00| 0 eng d
038 ## - RECORD CONTENT LICENSOR
Staff Name Waseem
082 ## - DEWEY DECIMAL CLASSIFICATION NUMBER
Classification number 297.11
Author Mark YAH
100 ## - MAIN ENTRY--PERSONAL NAME
Personal name Yahya, Haroon
9 (RLIN) 16302
245 ## - TITLE STATEMENT
Title Takhliq -e-Kainat /
Statement of responsibility, etc. Haroon Yahya
260 ## - PUBLICATION, DISTRIBUTION, ETC.
Place of publication, distribution, etc. Lahore :
Name of publisher, distributor, etc. Tahir sons publisher,
Date of publication, distribution, etc. S.L
300 ## - PHYSICAL DESCRIPTION
Extent 128 P. ;
500 ## - GENERAL NOTE
General note Paperback.
880 ## - ALTERNATE GRAPHIC REPRESENTATION
Linkage 100-01\r
Title ہارون یحیی
880 ## - ALTERNATE GRAPHIC REPRESENTATION
Linkage 245-02\r
Title تخلیق کاںنات /
942 ## - ADDED ENTRY ELEMENTS (KOHA)
Source of classification or shelving scheme
Koha item type Book
Holdings
Withdrawn status Lost status Source of classification or shelving scheme Damaged status Not for loan Permanent Location Current Location Shelving location Date acquired Total Checkouts Full call number Barcode Date last seen Price effective from Koha item type
          Central Library (CL) Central Library (CL) First Floor - Islam 07/02/2019   297.11 YAH CL-E-488 07/02/2019 07/02/2019 Book
© 2023 Central Library, National University of Sciences and Technology. All Rights Reserved.